Quality management in horticulture / (Record no. 13325)
[ view plain ]
| 000 -LEADER | |
|---|---|
| fixed length control field | 01157cam a2200169ua 4500 |
| 003 - CONTROL NUMBER IDENTIFIER | |
| control field | OSt |
| 008 - FIXED-LENGTH DATA ELEMENTS--GENERAL INFORMATION | |
| fixed length control field | 220218b ||||| |||| 00| 0 eng d |
| 041 ## - LANGUAGE CODE | |
| Language code of text/sound track or separate title | eng |
| 082 ## - DEWEY DECIMAL CLASSIFICATION NUMBER | |
| Classification number | 635.0068 |
| Item number | SHA/QH |
| 100 ## - MAIN ENTRY--AUTHOR NAME | |
| Personal name | Sharangi, A B . |
| 245 ## - TITLE STATEMENT | |
| Title | Quality management in horticulture / |
| 260 ## - PUBLICATION, DISTRIBUTION, ETC. (IMPRINT) | |
| Place of publication | Udaypur : |
| Name of publisher | Agro-tech publishing academy , |
| Year of publication | 2008. |
| 300 ## - PHYSICAL DESCRIPTION | |
| Number of Pages | 360 ; . |
| 505 ## - FORMATTED CONTENTS NOTE | |
| Formatted contents note | 1. Introduction. 2. Management and motivations. 3. Supply chain management/concept of management. 4. Logical framework analysis. 5. Information communication technology. 6. Marketing management process and issues. 7. Concept of quality management in horticulture. 8. Quality management of fruit crops. 9. Quality in vegetable production. 10. Global scenario of cut flower production and quality improvement through manipulating senescence processes at physiological and molecular level. 11. Quality issues on spices. 12. Value addition of spice with special reference to quality. 13. Quality management of plantation groups. 14. Quality pickles. 15. Post harvest quality management of fruits and vegetables. 16. Conclusion |
| 700 1# - ADDED ENTRY--PERSONAL NAME | |
| Personal name | Acharya, S K . |
| 942 ## - ADDED ENTRY ELEMENTS (KOHA) | |
| Koha item type | Books |
| Withdrawn status | Lost status | Damaged status | Home library | Current library | Date acquired | Full call number | Accession Number | Koha item type |
|---|---|---|---|---|---|---|---|---|
| KAUAET | KAUAET | 07/04/2012 | 635.0068 | 21624 | Books |
